000 00195nam a2200085 4500
001 1255320
005 20251209114801.0
245 _aLEYLEK HAVADA
_cLEYLA RUHAN OKYAY
260 _bGÜNIŞIĞI YAYINLARI
999 _c1255320
_d1255320